Сибирский учитель. 2025, № 6 (163) (с указ.) (Запись № 13558341)

Подробности
000 -МАРКЕР
контрольное поле 00790nam2a2200205 4500
001 - ИДЕНТИФИКАТОР ЗАПИСИ
контрольное поле RU\NLR\PER_A\002342759_002160
005 - ИДЕНТИФИКАТОР ВЕРСИИ
контрольное поле 20260308045216.0
035 ## - ДРУГИЕ СИСТЕМНЫЕ НОМЕРА
Идентификатор записи (NLR Aleph) 022743101
100 ## - ДАННЫЕ ОБЩЕЙ ОБРАБОТКИ
Данные общей обработки 20260304d2025 u y0rusy50 ca
101 0# - ЯЗЫК РЕСУРСА
Язык текста, звукозаписи и т.д. русский
102 ## - СТРАНА ПУБЛИКАЦИИ ИЛИ ПРОИЗВОДСТВА
Страна публикации Российская Федерация
200 0# - ЗАГЛАВИЕ И СВЕДЕНИЯ ОБ ОТВЕТСТВЕННОСТИ
Основное заглавие 2025, № 6 (163) (с указ.)
210 ## - ПУБЛИКАЦИЯ, РАСПРОСТРАНЕНИЕ И ДР.
Дата издания, распространения и т.д. 2025
461 #0 - УРОВЕНЬ НАБОРА
Встроенное поле 001RU\NLR\INFOCOMM31\5000012721
-- 2001#$aСибирский учитель$eРегион. науч.-метод. журн.$v2025, № 6 (163) (с указ.)
Системный номер (АБИС) связанной записи 4487905
Место публикации Новосибирск
Дата публикации 2000-
Имя издателя, распространителя и т.д. Б. и.
Сведения, относящиеся к заглавию Регион. науч.-метод. журн.
Заглавие Сибирский учитель
Номер тома 2025, № 6 (163) (с указ.)
852 ## - МЕСТОНАХОЖДЕНИЕ И ШИФР ХРАНЕНИЯ
Идентификатор организации NLR
Шифр хранения (Call Number) П29/1010
942 ## - ДОПОЛНИТЕЛЬНЫЕ ЭЛЕМЕНТЫ ЗАПИСИ (АБИС)
Тип экземпляра АБИС Неопределено
980 ## - КОЛЛЕКЦИЯ
Название коллекции Русская периодика
980 ## - КОЛЛЕКЦИЯ
Название коллекции Национальная библиография

Нет доступных экземпляров.